| 000 | 00633nam a22001937a 4500 | ||
|---|---|---|---|
| 003 | DO-SdBNP | ||
| 005 | 20171124124235.0 | ||
| 008 | 171124b 1963sp||||| |||| 00| 0 spa d | ||
| 040 |
_aBPMSU _bspa _cBMPSU |
||
| 100 | 1 | _aHiggins, Raymond A. | |
| 245 | 1 |
_aIngeniería metalurgica / _cRaymond A. Higgins. |
|
| 260 |
_aBarcelona: _bCompañia Editorial Continental _c1963 |
||
| 300 |
_a2v. : _bil.: _c22 cm. |
||
| 500 | _aLa biblioteca posee el v.1 | ||
| 500 | _aIncluye referencias bibliográficas y notas al pie de las paginas | ||
| 505 | 0 |
_gv.1 _tMatalurgica fisica aplicada |
|
| 942 |
_2ddc _cBK |
||
| 945 | _aInventariado, 2017/MFF | ||
| 999 |
_c13088 _d13088 |
||